000 00648nam a2200229Ia 4500
003 OSt
005 20220926045454.0
006 a|||||r|||| 00| 0
007 ta
008 220923b |||||||| |||| 00| 0 eng d
037 _cGeneral Book
040 _aRTL
_cRTL
_beng
041 _2eng
_aeng
082 _aX9(D5,1).2,w,STD, K6/GD
110 _aLok Sabha Secretrait, New Delhi
_9350247
245 0 _aPublic Accounts Committee
_b 64th Report
260 _c1966
300 _a179p
_ccm.
700 _aLok Sabha Secretrait, New Delhi
_9350248
942 _hX9(D5,1).2,w,STD, K6/GD
_cGB
_2CC
999 _c677701
_d677701